| 000 | 00526nam a2200145 a 4500 | ||
|---|---|---|---|
| 008 | 120416nuuuuuuuu||||||||||||||||| || u | ||
| 050 | _aJQ 1998.A35 Afr | ||
| 245 | 0 | 0 | _aSouth Africa: a short history |
| 260 |
_aLondon: _bPublicity and Information Bureau ANC _cn.d. |
||
| 300 | _a31p. | ||
| 350 | _a0.00 | ||
| 650 | _aSOUTH AFRICA--POLITICAL HISTORY | ||
| 650 | _aPOLITICS | ||
| 995 |
_D0.00 _FCBU-MAIN LIBRARY (Kitwe) _H1 _I0.00 _M1 _UDAMAGED _ZMain Library Open Access Collection |
||
| 999 |
_c57969 _d57969 |
||